000 00985cam a22003137a 4500
003 CHAP
005 20220329133938.0
008 971013s1941 r 00010 d
010 _a13046
011 _a14018
035 _a18091
040 _cCHAP
090 _aFolleto 5842
100 0 0 _aGómez, Marte R.
_949964
245 0 _aProblemas económicos-agrícolas de Campeche
260 _a(México, D.F. :
_bs.e),
_c(1941)
300 _a27 h.
590 _aBATCH-UPD
_b10
_c20130110
_lUCH01
_h0239
590 _aBATCH-UPD
_b10
_c20130110
_lUCH01
_h1006
590 _aBATCH-UPD
_b10
_c20130409
_lUCH01
_h2305
590 _aBATCH-UPD
_b10
_c20130913
_lUCH01
_h2025
590 _aCONVERSION
_b10
_c20130109
_lUCH01
_h1308
650 1 4 _aAgricultura
_xCampeche.
_91350
650 1 4 _aCampeche
_xCondiciones económicas.
_917981
901 _aBK
942 _cFOLL
949 _aFolleto 5842
_bBC
_cFOLL
_d-42266
_eTS1
_i18091
_mD
_si
949 _aFolleto 5842
_bBC
_cFOLL
_d-42267
_eTS2
_fc.2
_i18091
_mD
_si
999 _c13046
_d13046